Materiales bituminosos

Gardado en:
Detalles Bibliográficos
Autor Principal: Fernández Cánovas, Manuel (Author)
Formato: Libro
Idioma:Lingua castelá
Publicado: Madrid E.T.S. Ingenieros de Caminos 1990
Subjects:
Tags: Engadir etiqueta
Sen Etiquetas, Sexa o primeiro en etiquetar este rexistro!

MARC

LEADER 00000nam a2200000 a 4500
001 UCV5975
003 CL-VaPUC
008 930309e19900000SP |||||||||||||||||spa|d
082 0 4 |a 620.196  |b FER  |2 21 
100 |a Fernández Cánovas, Manuel  |e author  |9 547650 
245 1 0 |a Materiales bituminosos 
300 |a 96 p 
942 |c BK 
945 |d 19930309 00:00:00 
260 |a Madrid  |b E.T.S. Ingenieros de Caminos  |c 1990 
650 7 |a MATERIALES BITUMINOSOS  |2 CL-VaPUC  |9 300206 
583 |a last modification  |c 19930309 00:00:00  |k Rodrigo Vera 
999 |c 212251  |d 212249 
952 |0 0  |1 0  |4 0  |6 620_196000000000000_FER_1990  |7 0  |8 A  |9 192871  |a BIBING  |b BIBING  |d 2019-11-14  |i 260521K  |o 620.196 FER 1990  |p 260521K  |r 2025-01-20  |w 2019-11-14  |y BK  |k CCL